000 01303cam a2200157 4500500
005 20260201073234.0
041 _afre
042 _adc
100 1 0 _aWeill, Claudie
_eauthor
245 0 0 _aRetours d’URSS. Les prisonniers de guerre et internés français dans les archives soviétiques, 1945-1951, coordonné par Catherine Klein-Gousseff avec la collaboration d’Elena V. Aniskina, Galina A. Kouznetsova, Oganes V. Marinine et Vsevolode Gousseff, Paris, CNRS Éditions, 2001, 428 p.
260 _c2003.
500 _a34
520 _aWhy Women Should Not Go Into the Mines...Potosi, BoliviaIn Potosi, as in the majority of mining centers in the Andes, it is said that women should not go into the mines because, if they do, the mineral veins will disappear. Examination of the symbolic representations behind this prohibition reveals the social, economic and ideological logics lying behind it. Studying belief in the bad luck caused by women allows an investigation of cultural norms and how social actors appropriate and manipulate it in accordance with other types of considerations.
786 0 _nL'Homme & la Société | 146 | 4 | 2003-02-01 | p. 159d-166d | 0018-4306
856 4 1 _uhttps://shs.cairn.info/revue-l-homme-et-la-societe-2002-4-page-159d?lang=fr&redirect-ssocas=7080
999 _c1639916
_d1639916